[Event "ch-RUS Blitz 2016"]
[Site "Sochi RUS"]
[Date "2016.10.04"]
[Round "17.4"]
[White "Andreikin, Dmitry"]
[Black "Khairullin, Ildar"]
[Result "0-1"]
[WhiteTitle "GM"]
[BlackTitle "GM"]
[WhiteElo "2736"]
[BlackElo "2630"]
[WhiteFideId "4158814"]
[BlackFideId "4151348"]
[EventDate "2016.10.04"]

1. e4 c5 2. Nf3 e6 3. d4 cxd4 4. Nxd4 Nc6 5. Nc3 a6 6. Nxc6 bxc6 7. Bd3 d5 8.
O-O Nf6 9. Re1 Be7 10. e5 Nd7 11. Qg4 Kf8 12. Qg3 Rb8 13. Ne2 c5 14. c4 dxc4 15.
Bxc4 Nb6 16. Bb3 h5 17. Nf4 c4 18. Bc2 Bb7 19. Bg6 Nd5 20. Bxf7 Nxf4 21. Qxf4 g5
22. Qxc4 Kxf7 23. Be3 Qd5 24. Qf1 Qb5 25. Rac1 Qxf1+ 26. Kxf1 Rhc8 27. f3 Bd5
28. b3 g4 29. fxg4 hxg4 30. Bf4 Ba3 31. Rxc8 Rxc8 32. Re2 Kg6 33. Kf2 Kf5 0-1

[Event "ch-RUS Blitz 2016"]
[Site "Sochi RUS"]
[Date "2016.10.04"]
[Round "17.5"]
[White "Matlakov, Maxim"]
[Black "Grachev, Boris"]
[Result "1/2-1/2"]
[WhiteTitle "GM"]
[BlackTitle "GM"]
[WhiteElo "2691"]
[BlackElo "2628"]
[WhiteFideId "4168003"]
[BlackFideId "4129199"]
[EventDate "2016.10.04"]

1. d4 d5 2. Bf4 Nf6 3. e3 Bg4 4. Qd3 c6 5. Qb3 Qb6 6. c4 e6 7. Nc3 dxc4 8. Bxc4
Nbd7 9. h3 Bh5 10. Nge2 Be7 11. O-O O-O 12. Bg3 Bg6 13. Nf4 Bf5 14. Rfe1 e5 15.
Nfe2 exd4 16. Nxd4 Bg6 17. a3 Nc5 18. Qa2 Nce4 19. Nxe4 Nxe4 20. Bf4 Bf6 21.
Rad1 Rad8 22. Nb3 a5 23. Nd4 Bxd4 24. exd4 Rxd4 25. Be3 Rxd1 26. Bxb6 Rxe1+ 27.
Kh2 Nd2 28. Bxa5 Bb1 29. Qa1 Nf1+ 30. Kg1 Nd2+ 31. Kh2 Nf1+ 32. Kg1 Nd2+ 33. Kh2
Nf1+ 34. Kg1 Nd2+ 35. Kh2 1/2-1/2

[Event "ch-RUS Blitz 2016"]
[Site "Sochi RUS"]
[Date "2016.10.04"]
[Round "17.6"]
[White "Bocharov, Dmitry"]
[Black "Popov, Ivan RUS"]
[Result "1-0"]
[WhiteTitle "GM"]
[BlackTitle "GM"]
[WhiteElo "2611"]
[BlackElo "2596"]
[WhiteFideId "4138716"]
[BlackFideId "4170350"]
[EventDate "2016.10.04"]

1. e4 d6 2. d4 Nf6 3. Nc3 g6 4. Nf3 Bg7 5. Be2 O-O 6. O-O a6 7. Re1 b5 8. e5
dxe5 9. dxe5 Ng4 10. Bf4 Nc6 11. Bd3 Bb7 12. h3 Nh6 13. Be4 Qc8 14. a4 b4 15.
Nd5 Rd8 16. Qe2 Nf5 17. Rad1 e6 18. Nf6+ Bxf6 19. exf6 Ncd4 20. Nxd4 Nxd4 21.
Qe3 c5 22. Be5 Bxe4 23. Qxe4 Qc6 24. Rxd4 1-0

[Event "ch-RUS Blitz 2016"]
[Site "Sochi RUS"]
[Date "2016.10.04"]
[Round "17.7"]
[White "Khismatullin, Denis"]
[Black "Riazantsev, Alexander"]
[Result "1-0"]
[WhiteTitle "GM"]
[BlackTitle "GM"]
[WhiteElo "2617"]
[BlackElo "2651"]
[WhiteFideId "4142578"]
[BlackFideId "4125029"]
[EventDate "2016.10.04"]

1. d4 Nf6 2. c4 e6 3. Nf3 d5 4. Nc3 Nbd7 5. Qc2 Be7 6. cxd5 exd5 7. Bf4 c6 8. h3
O-O 9. e3 Re8 10. Bd3 Nf8 11. O-O Ng6 12. Bh2 Bd6 13. Bxd6 Qxd6 14. Rab1 a5 15.
a3 Bd7 16. b4 axb4 17. axb4 Qe7 18. Rfc1 Ne4 19. b5 Ng5 20. Qd1 Bxh3 21. Bxg6
fxg6 22. gxh3 Rf8 23. Nxg5 Qxg5+ 24. Qg4 Qf6 25. Rc2 h5 26. Qg3 Kh7 27. bxc6
bxc6 28. h4 Qf5 29. Rbc1 Ra3 30. Ne2 Qe4 31. Nf4 Rf6 32. Kh2 Ra6 33. Rb2 Qf5 34.
Rg1 Qe4 1-0

[Event "ch-RUS Blitz 2016"]
[Site "Sochi RUS"]
[Date "2016.10.04"]
[Round "17.8"]
[White "Shaposhnikov, Evgeny"]
[Black "Vitiugov, Nikita"]
[Result "1-0"]
[WhiteTitle "GM"]
[BlackTitle "GM"]
[WhiteElo "2557"]
[BlackElo "2721"]
[WhiteFideId "4122232"]
[BlackFideId "4152956"]
[EventDate "2016.10.04"]

1. e4 c5 2. Nf3 e6 3. b3 b6 4. Bb2 Bb7 5. Qe2 Nf6 6. e5 Ng4 7. Nc3 Nc6 8. h3 Nh6
9. Ne4 Nf5 10. g3 d5 11. exd6 Bxd6 12. Bg2 O-O 13. O-O Be7 14. c3 Qd7 15. Rfd1
Rfd8 16. d4 cxd4 17. cxd4 Rac8 18. a3 Qe8 19. b4 Nd6 20. Nc3 Bf6 21. Rac1 Nf5
22. d5 Ncd4 23. Nxd4 Nxd4 24. Qe3 e5 25. Ne4 Rxc1 26. Rxc1 Bxd5 27. Bxd4 Bxe4
28. Bxb6 axb6 29. Bxe4 Qb5 30. Kg2 h6 31. h4 Rd4 32. Qxd4 1-0

[Event "ch-RUS Blitz 2016"]
[Site "Sochi RUS"]
[Date "2016.10.04"]
[Round "17.9"]
[White "Rakhmanov, Aleksandr"]
[Black "Morozevich, Alexander"]
[Result "0-1"]
[WhiteTitle "GM"]
[BlackTitle "GM"]
[WhiteElo "2662"]
[BlackElo "2683"]
[WhiteFideId "4173708"]
[BlackFideId "4116992"]
[EventDate "2016.10.04"]

1. d4 Nf6 2. c4 d6 3. Nc3 Bf5 4. Nf3 g6 5. h3 Ne4 6. Qb3 Nxc3 7. bxc3 b6 8. Nd2
Bg7 9. g4 Bd7 10. Bg2 Bc6 11. e4 e5 12. d5 Bd7 13. c5 dxc5 14. Nc4 O-O 15. a4 a5
16. O-O Bc8 17. f4 Nd7 18. f5 g5 19. Rf3 Ba6 20. Bf1 Bxc4 21. Bxc4 Bf6 22. Ra2
Kg7 23. h4 h6 24. Rh2 gxh4 25. Bd2 Bg5 26. Be1 Nf6 27. Qc2 Ne8 28. Rfh3 Nd6 29.
Bf1 Rg8 30. Kh1 Kf8 31. c4 Qf6 32. Be2 Ke7 33. Qd3 Kd7 34. Qf3 Rg7 35. Bf2 Rag8
36. Rg2 Qd8 37. Kg1 Ne8 38. Kf1 Kd6 39. Ke1 Nf6 40. Bd1 Nh7 41. Rh1 Bf6 42. Rgh2
Rxg4 43. Qd3 Rg2 44. Rh3 R2g7 45. Qe3 Bg5 46. Qf3 Nf6 47. Ke2 h5 48. Kd3 Ng4 49.
Bxh4 Bxh4 50. Rxh4 Nf6 51. R4h3 Rg2 52. Qe3 Qf8 53. Bxh5 Nxh5 54. Rxh5 R8g3 0-1

[Event "ch-RUS Blitz 2016"]
[Site "Sochi RUS"]
[Date "2016.10.04"]
[Round "17.10"]
[White "Moskalenko, Alexander"]
[Black "Bologan, Victor"]
[Result "0-1"]
[WhiteTitle "IM"]
[BlackTitle "GM"]
[WhiteElo "2490"]
[BlackElo "2640"]
[WhiteFideId "4155351"]
[BlackFideId "13900048"]
[EventDate "2016.10.04"]

1. e4 d5 2. exd5 Nf6 3. Nf3 Bg4 4. Be2 Qxd5 5. h3 Bh5 6. Nc3 Qd8 7. g4 Bg6 8.
Ne5 Nbd7 9. Nxg6 hxg6 10. d4 e6 11. Bf3 c6 12. Qe2 Be7 13. Bd2 Qc7 14. O-O-O
O-O-O 15. g5 Nh5 16. h4 Nf4 17. Qe3 Bd6 18. Ne4 Nd5 19. Nxd6+ Qxd6 20. Qb3 Ne7
21. Kb1 Nf5 22. Ba5 Nb6 23. Bxb6 axb6 24. Qxb6 Qf4 25. Bxc6 bxc6 26. Qa6+ Kd7
27. Rd3 Ra8 28. Qc4 Qe4 29. Rhd1 Qd5 30. Qb3 Rhb8 31. Qxd5+ exd5 32. Rf3 Rh8 33.
Rh1 Rh5 34. b3 Rah8 35. a4 Rxh4 36. Rxh4 Rxh4 37. a5 Rxd4 38. Rh3 Rh4 39. Rd3
Kc7 40. Rd1 Kb7 41. Re1 Ka6 42. Re8 Kxa5 43. Rf8 Nd6 44. Rd8 Ne4 45. f3 Nd2+ 46.
Kb2 Nxf3 0-1

[Event "ch-RUS Blitz 2016"]
[Site "Sochi RUS"]
[Date "2016.10.04"]
[Round "17.11"]
[White "Alekseev, Evgeny"]
[Black "Gabrielian, Artur"]
[Result "0-1"]
[WhiteTitle "GM"]
[BlackTitle "GM"]
[WhiteElo "2636"]
[BlackElo "2524"]
[WhiteFideId "4138147"]
[BlackFideId "4131002"]
[EventDate "2016.10.04"]

1. e4 e5 2. Nf3 Nc6 3. Bc4 Bc5 4. d3 Nf6 5. O-O d6 6. c3 Bb6 7. Bg5 O-O 8. a4 a6
9. Nbd2 Ne7 10. a5 Ba7 11. d4 Ng6 12. dxe5 dxe5 13. Nh4 Qd6 14. Nf5 Bxf5 15.
exf5 Nf4 16. Bxf6 Qxf6 17. Qg4 h5 18. Qf3 Qxf5 19. g3 Qg6 20. Kh1 Nh3 21. Bd3 f5
22. Qg2 Nxf2+ 23. Rxf2 Bxf2 24. Qxf2 e4 25. Bc4+ Kh7 26. Re1 Rad8 27. Nf1 Qc6
28. Be2 g6 29. Kg1 Rd5 30. h4 Rxa5 31. Ne3 Rd8 32. Nc4 Rad5 33. Bf1 Qc5 34. Qxc5
Rxc5 35. b4 Rc6 36. Rc1 Re6 37. Kf2 Kg7 38. Ke3 Kf6 39. Be2 Rd5 40. Na5 b5 41.
Nb3 Red6 42. Ra1 Ke5 43. Nc5 Rd2 44. Nxa6 Rc2 45. Ra3 Rdd2 46. Bxb5 Rg2 47. Be2
Rcxe2# 0-1

[Event "ch-RUS Blitz 2016"]
[Site "Sochi RUS"]
[Date "2016.10.04"]
[Round "17.12"]
[White "Paravyan, David"]
[Black "Romanov, Evgeny"]
[Result "1-0"]
[WhiteTitle "IM"]
[BlackTitle "GM"]
[WhiteElo "2528"]
[BlackElo "2619"]
[WhiteFideId "4194985"]
[BlackFideId "4148843"]
[EventDate "2016.10.04"]

1. d4 Nf6 2. Nf3 g6 3. Bg5 Bg7 4. Nbd2 O-O 5. e4 d5 6. exd5 Nxd5 7. c3 Bf5 8.
Bc4 c6 9. O-O Nd7 10. Re1 Re8 11. Ne4 h6 12. Bd2 e5 13. Nd6 Re6 14. Nxf5 gxf5
15. Bxd5 cxd5 16. dxe5 Bxe5 17. Nxe5 Nxe5 18. Qh5 Qf6 19. Bxh6 Rae8 20. Bd2 Nc4
21. Rxe6 Rxe6 22. Bg5 Qg6 23. Qxg6+ fxg6 24. b3 Nd6 25. Be3 Ne4 26. Bd4 Rc6 27.
Rc1 b5 28. f3 Ng5 29. Bxa7 Ra6 30. Be3 Ne6 31. Rc2 Rc6 32. Kf2 d4 33. Bd2 d3 34.
Rc1 Ra6 35. Ra1 Nc5 36. b4 Nb3 37. Rd1 Rxa2 38. Ke3 Rb2 39. Kxd3 Kf7 40. h4 Ke6
41. g4 fxg4 42. fxg4 Ra2 43. Re1+ Kd5 44. Bf4 Rf2 45. Re5+ Kc6 46. Re6+ Kd7 47.
Rf6 Ke7 48. g5 Na1 49. Bd6+ 1-0

[Event "ch-RUS Blitz 2016"]
[Site "Sochi RUS"]
[Date "2016.10.04"]
[Round "17.13"]
[White "Belyakov, Bogdan"]
[Black "Timofeev, Artyom"]
[Result "1/2-1/2"]
[WhiteTitle "IM"]
[BlackTitle "GM"]
[WhiteElo "2487"]
[BlackElo "2601"]
[WhiteFideId "24104795"]
[BlackFideId "4140419"]
[EventDate "2016.10.04"]

1. c4 Nf6 2. Nc3 g6 3. g3 Bg7 4. Bg2 O-O 5. d3 c5 6. Nf3 Nc6 7. O-O a6 8. a3 Rb8
9. Rb1 b5 10. cxb5 axb5 11. b4 cxb4 12. axb4 d6 13. h3 h6 14. Be3 Be6 15. Qd2
Kh7 16. Rfc1 Qd7 17. Kh2 Rfc8 18. Bf4 g5 19. Be3 g4 20. hxg4 Nxg4+ 21. Kg1 Nxe3
22. Qxe3 Ne5 23. Nd4 Kg8 24. Nxe6 Qxe6 25. Nd5 Ng6 26. Qxe6 fxe6 27. Nc7 Kf7 28.
Na6 Rxc1+ 29. Rxc1 Rb6 30. Nc7 d5 31. Bh3 Be5 32. Nxe6 Rxe6 33. Bxe6+ Kxe6 34.
Rc5 Bd6 35. Rxb5 Ne5 36. Rb7 d4 37. b5 Kd5 38. Kg2 Kc5 39. f4 Ng4 40. Kf3 h5 41.
Ke4 Nf2+ 42. Kf3 Ng4 43. Ke4 Nf2+ 44. Kf3 Ng4 45. Ke4 Nf2+ 46. Kf3 Ng4 47. Ke4
Nf2+ 48. Kf3 1/2-1/2

[Event "ch-RUS Blitz 2016"]
[Site "Sochi RUS"]
[Date "2016.10.04"]
[Round "17.14"]
[White "Predke, Alexandr"]
[Black "Matinian, Nikita"]
[Result "1-0"]
[WhiteTitle "GM"]
[BlackTitle "IM"]
[WhiteElo "2587"]
[BlackElo "2495"]
[WhiteFideId "24107581"]
[BlackFideId "24129100"]
[EventDate "2016.10.04"]

1. e4 e5 2. Nf3 Nc6 3. Bb5 a6 4. Ba4 Nf6 5. O-O Be7 6. d3 d6 7. c4 Bg4 8. h3
Bxf3 9. Qxf3 Nd7 10. Be3 Bg5 11. Nc3 O-O 12. Nd5 Bxe3 13. fxe3 Ne7 14. Bxd7 Qxd7
15. Qg3 Nxd5 16. cxd5 Qb5 17. d4 exd4 18. exd4 Qxb2 19. Qd3 Qb5 20. Qc3 Qd7 21.
Rab1 c6 22. dxc6 bxc6 23. Rb6 Rfc8 24. Qb3 g6 25. Rb7 Rc7 26. Rxf7 Qxf7 27. Rxc7
Qxb3 28. axb3 Re8 29. Rxc6 Rxe4 30. Rxd6 Re3 31. Rxa6 Rxb3 32. Ra7 Rd3 33. Rd7
h5 34. Kf2 h4 35. d5 g5 36. Ke2 Rg3 37. d6 Rxg2+ 38. Ke3 Kf8 39. Ke4 g4 40. hxg4
Rxg4+ 41. Kf5 Rg1 42. Re7 Rf1+ 43. Ke6 Ra1 44. Rh7 Ra4 45. d7 Ra6+ 46. Kd5 Ra5+
47. Kc6 Ra6+ 48. Kc7 Ra7+ 49. Kb6 1-0

[Event "ch-RUS Blitz 2016"]
[Site "Sochi RUS"]
[Date "2016.10.04"]
[Round "17.15"]
[White "Rozum, Ivan"]
[Black "Golubov, Saveliy"]
[Result "1-0"]
[WhiteTitle "GM"]
[BlackTitle "IM"]
[WhiteElo "2590"]
[BlackElo "2481"]
[WhiteFideId "24104272"]
[BlackFideId "24176729"]
[EventDate "2016.10.04"]

1. c3 g6 2. Qa4 Bg7 3. h4 h5 4. e4 e5 5. Nf3 Ne7 6. d4 exd4 7. cxd4 O-O 8. Nc3
d6 9. Be2 Bg4 10. O-O Nd7 11. Bg5 Qe8 12. Qd1 Bxf3 13. Bxf3 Nc6 14. Be3 Nb6 15.
b3 Qe7 16. g3 Kh7 17. Bg2 Bh6 18. f4 Bg7 19. e5 dxe5 20. dxe5 Rad8 21. Qf3 Nd4
22. Qf2 c5 23. Ne4 Nd5 24. Bxd4 cxd4 25. Ng5+ Kg8 26. Qxd4 Nb4 27. Qf2 Rd3 28.
Rad1 Rfd8 29. Rxd3 Rxd3 30. Be4 Rc3 31. Rd1 Bf8 32. Kg2 Qc7 33. Qd2 Nc2 34. Kh1
Ne3 35. Re1 Bb4 36. e6 f5 37. e7 Qxe7 38. Rxe3 Rxe3 39. Qd5+ Kg7 40. Qd4+ Kg8
41. Bd5+ Kf8 42. Qh8# 1-0

[Event "ch-RUS Blitz 2016"]
[Site "Sochi RUS"]
[Date "2016.10.04"]
[Round "17.16"]
[White "Sharafiev, Azat"]
[Black "Zakhartsov, Vladimir"]
[Result "1-0"]
[WhiteTitle "IM"]
[BlackTitle "IM"]
[WhiteElo "2418"]
[BlackElo "2452"]
[WhiteFideId "4186214"]
[BlackFideId "4145097"]
[EventDate "2016.10.04"]

1. e4 e5 2. Nf3 Nc6 3. Bb5 Nf6 4. Nc3 Bd6 5. Bxc6 dxc6 6. d4 exd4 7. Qxd4 c5 8.
Qd3 O-O 9. e5 c4 10. Qd1 Re8 11. O-O Bxe5 12. Qxd8 Bxh2+ 13. Kxh2 Rxd8 14. Bf4
c6 15. Bg5 Bf5 16. Rac1 b5 17. Ne2 Be4 18. Ng3 Ng4+ 19. Kh3 Bxf3 20. Bxd8 1-0

[Event "ch-RUS Blitz 2016"]
[Site "Sochi RUS"]
[Date "2016.10.04"]
[Round "17.17"]
[White "Levin, Evgeny A."]
[Black "Kryakvin, Dmitry"]
[Result "0-1"]
[WhiteTitle "GM"]
[BlackTitle "GM"]
[WhiteElo "2505"]
[BlackElo "2554"]
[WhiteFideId "4182596"]
[BlackFideId "4153278"]
[EventDate "2016.10.04"]

1. d4 Nf6 2. c4 g6 3. Nc3 Bg7 4. e4 d6 5. Nf3 O-O 6. Be2 e5 7. O-O Na6 8. d5 Nc5
9. Qc2 a5 10. Bg5 h6 11. Be3 b6 12. Nd2 Bg4 13. f3 Bd7 14. b3 Nh5 15. a3 Nf4 16.
Rf2 h5 17. Rb1 Bh6 18. Nf1 a4 19. bxa4 Nxa4 20. Nb5 f5 21. Kh1 fxe4 22. fxe4
Nxe2 23. Qxe2 Bxe3 24. Qxe3 Rxf2 25. Qxf2 Nc5 26. Qe3 Bxb5 27. cxb5 Qh4 28. Ng3
Qf4 29. Re1 Qxe3 30. Rxe3 Ra4 31. h4 Rc4 32. Rf3 Kg7 33. Re3 Rc2 34. Ne2 Rb2 35.
a4 Ra2 36. Nc3 Ra3 37. Rf3 Rb3 38. Kh2 Rb4 39. Re3 Rb3 40. Rf3 Rb4 41. Re3 Rc4
42. Kg1 Kf6 43. Rf3+ Ke7 44. Rg3 Nxe4 45. Nxe4 Rxe4 46. Rxg6 Rxh4 47. Rg7+ Kd8
48. Rg8+ Kd7 49. Ra8 Rd4 50. a5 bxa5 51. Ra7 Kc8 52. Rxa5 Rxd5 53. Ra8+ Kb7 54.
Rh8 e4 55. Re8 Re5 0-1

[Event "ch-RUS Blitz 2016"]
[Site "Sochi RUS"]
[Date "2016.10.04"]
[Round "17.18"]
[White "Zablotsky, Sergei"]
[Black "Lugovskoy, Maxim"]
[Result "1/2-1/2"]
[WhiteTitle "GM"]
[BlackTitle "IM"]
[WhiteElo "2518"]
[BlackElo "2436"]
[WhiteFideId "4131606"]
[BlackFideId "24126454"]
[EventDate "2016.10.04"]

1. e4 d6 2. d4 Nf6 3. Nc3 e5 4. Nf3 Nbd7 5. Bc4 Be7 6. O-O O-O 7. Re1 c6 8. a4
exd4 9. Nxd4 Ne5 10. Bf1 Re8 11. h3 Ng6 12. f4 Bf8 13. Qf3 Bd7 14. Be3 Nh4 15.
Qf2 Nxe4 16. Nxe4 Rxe4 17. Bd3 Re8 18. f5 c5 19. Nb5 Bc6 20. Bf1 a6 21. Nc3 Qf6
22. Rad1 Nxf5 23. Nd5 Bxd5 24. Rxd5 Nxe3 25. Rxe3 Qxb2 26. Rf3 Re7 27. Rdf5 Qd4
28. Qxd4 cxd4 29. Rxf7 Rc8 30. R7f4 g5 31. Rxd4 Rxc2 32. Rxd6 Rf7 33. Rxf7 Kxf7
34. Rd7+ Ke6 35. Rxb7 Bc5+ 36. Kh2 Bd6+ 37. Kg1 Bc5+ 38. Kh2 Bd6+ 39. Kg1 1/2-1/2

[Event "ch-RUS Blitz 2016"]
[Site "Sochi RUS"]
[Date "2016.10.04"]
[Round "17.19"]
[White "Moiseenko, Vadim"]
[Black "Evdokimov, Alexander A."]
[Result "1-0"]
[WhiteTitle "IM"]
[BlackTitle "GM"]
[WhiteElo "2528"]
[BlackElo "2495"]
[WhiteFideId "4123700"]
[BlackFideId "4139275"]
[EventDate "2016.10.04"]

1. d4 Nf6 2. Nf3 b6 3. g3 Bb7 4. Bg2 e6 5. c4 d5 6. O-O dxc4 7. Qa4+ Nbd7 8. Rd1
a6 9. Qxc4 b5 10. Qc2 Be4 11. Qb3 c5 12. dxc5 Bxc5 13. Nc3 Bc6 14. Ne5 Bxg2 15.
Kxg2 Qc7 16. Nxd7 Nxd7 17. Ne4 Be7 18. Bf4 e5 19. Qd5 Rd8 20. Rac1 Qb8 21. Be3
O-O 22. Qc6 Nf6 23. Nxf6+ Bxf6 24. Qxa6 h5 25. h3 b4 26. Kg1 b3 27. Rxd8 Rxd8
28. Qa3 bxa2 29. Qxa2 h4 30. g4 e4 31. b3 Qe5 32. Qc2 Be7 33. Qc3 Qb5 34. Qc4
Qe5 35. Qc3 Qb5 36. Qc4 Qe5 37. Qc3 Qb5 38. Rc2 Bf6 39. Qc4 Qb7 40. Kg2 Rb8 41.
Rc1 Be5 42. Rb1 Rc8 43. Qa4 Bb8 44. Qd4 Qc7 45. Rh1 Re8 46. Qc4 Qe5 47. Qc5 Qe6
48. b4 Bd6 49. Qc6 Rc8 50. Qb7 Rb8 51. Qc6 Rxb4 52. Rd1 Be7 53. Qxe6 fxe6 54.
Rd7 Bf6 55. Ra7 Rb5 56. Ra4 Kf7 57. Rxe4 g5 58. Ra4 Be7 59. Ra7 Rd5 1-0

[Event "ch-RUS Blitz 2016"]
[Site "Sochi RUS"]
[Date "2016.10.04"]
[Round "17.20"]
[White "Yuffa, Daniil"]
[Black "Dreev, Aleksey"]
[Result "1-0"]
[WhiteTitle "IM"]
[BlackTitle "GM"]
[WhiteElo "2534"]
[BlackElo "2660"]
[WhiteFideId "24131423"]
[BlackFideId "4100107"]
[EventDate "2016.10.04"]

1. d4 Nf6 2. Nf3 g6 3. g3 Bg7 4. Bg2 O-O 5. O-O c5 6. dxc5 Na6 7. Be3 Ne4 8. Bd4
Nexc5 9. Bxg7 Kxg7 10. c4 d6 11. Nc3 Ne6 12. Nd5 Nac7 13. Qd2 Nxd5 14. cxd5 Nc5
15. Rac1 Nd7 16. e4 Nf6 17. Rfe1 Bd7 18. e5 dxe5 19. Nxe5 Rc8 20. Rc3 Rxc3 21.
bxc3 Bc8 22. c4 Qb6 23. Qc3 Rd8 24. h3 Kg8 25. Nd3 Qc7 26. Qb4 e6 27. Nf4 g5 28.
Qb2 e5 29. Nd3 Qxc4 30. Nxe5 Qc7 31. Nc6 Rd6 32. Nxa7 Bd7 33. Nb5 Bxb5 34. Qxb5
Kg7 35. Qb2 h6 36. Qe5 Qc5 37. Re3 Rd7 38. Rf3 Qd6 39. Qb2 Kg6 40. Rb3 Qc5 41.
Rb6 Rd6 42. Rxd6 Qxd6 43. Qxb7 Qa3 44. Qb1+ Kg7 45. Qa1 Kg6 46. Qd4 Qxa2 47. d6
Qb1+ 48. Kh2 Qb5 49. Bf3 h5 50. g4 hxg4 51. hxg4 Qd7 52. Kg2 Qe6 53. Kg3 Qd7 54.
Be4+ Kg7 55. Bf5 Qd8 56. d7 Kf8 57. Qd6+ Kg7 58. Qe5 Kf8 59. Qc5+ Kg7 60. Qc8
Qe7 61. d8=Q Qe5+ 62. Kg2 1-0

[Event "ch-RUS Blitz 2016"]
[Site "Sochi RUS"]
[Date "2016.10.04"]
[Round "18.1"]
[White "Artemiev, Vladislav"]
[Black "Dubov, Daniil"]
[Result "1-0"]
[WhiteTitle "GM"]
[BlackTitle "GM"]
[WhiteElo "2663"]
[BlackElo "2648"]
[WhiteFideId "24101605"]
[BlackFideId "24126055"]
[EventDate "2016.10.04"]

1. Nf3 Nf6 2. c4 c6 3. g3 g6 4. b3 Bg7 5. Bb2 d5 6. Bg2 O-O 7. O-O Bg4 8. d3
Bxf3 9. Bxf3 e6 10. Nd2 Nbd7 11. Bg2 Re8 12. d4 Qe7 13. e3 Nb6 14. a4 a5 15. Ba3
Qd8 16. Qc2 Nc8 17. b4 axb4 18. Bxb4 Nd6 19. Rfb1 Nf5 20. a5 Ng4 21. Bc5 e5 22.
dxe5 Bxe5 23. Ra3 Bd6 24. cxd5 cxd5 25. Rxb7 Rc8 26. Rc3 Qxa5 27. Bxd5 Ne7 28.
Nb3 Qa6 29. Rb6 Qa7 30. Rxd6 1-0

[Event "ch-RUS Blitz 2016"]
[Site "Sochi RUS"]
[Date "2016.10.04"]
[Round "18.2"]
[White "Savchenko, Boris"]
[Black "Chigaev, Maksim"]
[Result "0-1"]
[WhiteTitle "GM"]
[BlackTitle "IM"]
[WhiteElo "2613"]
[BlackElo "2551"]
[WhiteFideId "4147332"]
[BlackFideId "4108116"]
[EventDate "2016.10.04"]

1. e4 c5 2. Nf3 g6 3. c3 Bg7 4. Bd3 Nc6 5. Bc2 d5 6. O-O dxe4 7. Bxe4 Bd7 8. Na3
Nf6 9. Bc2 O-O 10. Re1 Bg4 11. Nc4 Nd5 12. h3 Bf5 13. Bxf5 gxf5 14. d3 e6 15.
Bg5 Qc7 16. Qd2 b5 17. Ne3 Nf6 18. Nc2 Rad8 19. Bh6 Ne7 20. Bxg7 Kxg7 21. a4 a6
22. d4 Ne4 23. Qe2 c4 24. Nb4 Qb7 25. axb5 axb5 26. Nd2 Nf6 27. Qe5 Ng6 28. Qc5
Nf4 29. Qc6 Qxc6 30. Nxc6 Ra8 31. Ne5 N6d5 32. g3 Nxh3+ 33. Kg2 Ng5 34. Nd7 Rfd8
35. Nc5 h6 36. f4 Nh7 37. Nf3 Nhf6 38. Ne5 Ng4 39. Nc6 Rdc8 40. Na7 Rcb8 41. Nc6
Rh8 42. Kf3 h5 43. Ra7 Rxa7 44. Nxa7 b4 45. cxb4 Nxb4 46. Rc1 h4 47. gxh4 Rxh4
48. Rxc4 Nd5 49. Kg3 Rh1 50. Nc6 Rg1+ 51. Kf3 Rf1+ 52. Ke2 Rf2+ 53. Ke1 Rxb2 54.
Nd3 Rh2 55. Nce5 Nge3 56. Rc8 Nc2+ 57. Kd1 Nxd4 58. Ra8 Nc3+ 59. Ke1 Rh1+ 60.
Kf2 Rh2+ 61. Ke1 f6 62. Ra7+ Kh6 63. Ra3 fxe5 64. Rxc3 e4 65. Ne5 Rh4 66. Kf2
Nb5 67. Rc5 Na3 68. Kg3 Rh1 69. Rc8 Rb1 70. Rc7 Nb5 71. Rd7 Rg1+ 72. Kh4 Rg7 73.
Nf7+ Kg6 74. Ne5+ Kf6 75. Rd8 Nc7 76. Rf8+ Ke7 77. Rb8 Nd5 78. Rb7+ Kf6 79. Nd7+
Rxd7 80. Rxd7 Nxf4 81. Kg3 Nd5 82. Rd8 Ke5 83. Kf2 f4 84. Ke2 Kd4 85. Rd6 e5 86.
Rh6 e3 87. Kf3 e4+ 88. Ke2 f3+ 89. Ke1 Nb4 90. Rd6+ Kc3 0-1

[Event "ch-RUS Blitz 2016"]
[Site "Sochi RUS"]
[Date "2016.10.04"]
[Round "18.3"]
[White "Pridorozhni, Aleksei"]
[Black "Ponkratov, Pavel"]
[Result "1-0"]
[WhiteTitle "GM"]
[BlackTitle "GM"]
[WhiteElo "2579"]
[BlackElo "2589"]
[WhiteFideId "4127870"]
[BlackFideId "4157800"]
[EventDate "2016.10.04"]

1. d4 d5 2. c4 c6 3. Nf3 Nf6 4. Qc2 dxc4 5. Qxc4 Bf5 6. g3 Nbd7 7. Nc3 e6 8. Bg2
Be7 9. O-O O-O 10. Qb3 Qb6 11. Qxb6 axb6 12. Nh4 Bc2 13. Bd2 Nd5 14. Rfc1 Nxc3
15. Bxc3 Ba4 16. Nf3 Bb5 17. Re1 Ra4 18. b3 Ra3 19. Bb2 Raa8 20. a4 Ba6 21. e4
Bb4 22. Re3 Rad8 23. Rd1 b5 24. Bf1 bxa4 25. Bxa6 bxa6 26. bxa4 Nb6 27. Bc3 c5
28. Bxb4 cxb4 29. a5 Nc4 30. Rb3 Rb8 31. Rdb1 Na3 32. Rc1 Rb5 33. Rc6 Rxa5 34.
Rxb4 Nb5 35. h4 h6 36. Kg2 Rd8 37. Rbc4 Nd6 38. R4c5 Rxc5 39. dxc5 Nxe4 40. Rc7
a5 41. c6 Ra8 42. Rd7 Nc5 43. Rd2 Rc8 44. Nd4 a4 45. Rc2 Na6 46. Rc4 a3 47. Ra4
Nb8 48. Ra8 Kh7 49. c7 Rxc7 50. Rxb8 Ra7 51. Rb1 a2 52. Ra1 e5 53. Nc6 Ra3 54.
Nxe5 f5 55. Nc4 Ra4 56. Nb6 Ra6 57. Nd5 g5 58. h5 Kg7 59. Nc3 Ra3 60. Nb5 Ra5
61. Nd4 Kf6 62. Nb3 Ra3 63. Nd2 Ra4 64. Nf3 g4 65. Ne1 Kg5 66. Nd3 Kxh5 67. Nc1
Rc4 68. Nxa2 Kg5 69. Rc1 Ra4 70. Nc3 h5 71. Nxa4 1-0

[Event "ch-RUS Blitz 2016"]
[Site "Sochi RUS"]
[Date "2016.10.04"]
[Round "18.4"]
[White "Khairullin, Ildar"]
[Black "Andreikin, Dmitry"]
[Result "1/2-1/2"]
[WhiteTitle "GM"]
[BlackTitle "GM"]
[WhiteElo "2630"]
[BlackElo "2736"]
[WhiteFideId "4151348"]
[BlackFideId "4158814"]
[EventDate "2016.10.04"]

1. e4 e5 2. Nf3 Nc6 3. Bb5 a6 4. Ba4 Nf6 5. O-O Be7 6. Bxc6 dxc6 7. Qe1 Nd7 8.
d4 exd4 9. Nxd4 O-O 10. Nc3 Nb6 11. Be3 Nc4 12. Rd1 Qe8 13. Bc1 c5 14. Nde2 f5
15. b3 Ne5 16. exf5 Bxf5 17. Ng3 Bd6 18. Nxf5 Rxf5 19. Ne4 Qg6 20. f4 Nc6 21.
Qg3 Qxg3 22. Nxg3 Rf7 23. Ne4 Rd8 24. c3 h6 25. g3 Re7 26. Nd2 Rde8 27. Nf3 c4
28. bxc4 Na5 29. Rfe1 Nxc4 30. Rxe7 Rxe7 31. Nd4 Bc5 32. Kf2 Rd7 1/2-1/2

[Event "ch-RUS Blitz 2016"]
[Site "Sochi RUS"]
[Date "2016.10.04"]
[Round "18.5"]
[White "Grachev, Boris"]
[Black "Matlakov, Maxim"]
[Result "1-0"]
[WhiteTitle "GM"]
[BlackTitle "GM"]
[WhiteElo "2628"]
[BlackElo "2691"]
[WhiteFideId "4129199"]
[BlackFideId "4168003"]
[EventDate "2016.10.04"]

1. Nf3 d5 2. g3 c6 3. Bg2 Bf5 4. O-O e6 5. d3 h6 6. c4 dxc4 7. dxc4 Nd7 8. Nc3
Ngf6 9. Bf4 Be7 10. Bd6 O-O 11. Qd4 Bxd6 12. Qxd6 Nb6 13. Qb4 a5 14. Qb3 Nfd7
15. Rfd1 Qc7 16. Nd4 Bg6 17. Rac1 Rfd8 18. Na4 Nxa4 19. Qxa4 Nc5 20. Qa3 Qb6 21.
Nf3 Qb4 22. Qe3 Na4 23. b3 Rxd1+ 24. Rxd1 Nc3 25. Rd2 Ne4 26. Rd4 a4 27. h4 axb3
28. axb3 Nf6 29. Ne5 Bc2 30. g4 Qe1+ 31. Kh2 Ra1 32. g5 hxg5 33. hxg5 Qg1+ 34.
Kg3 Nh5+ 35. Kf3 Qh2 36. Rd8+ Kh7 37. Nxf7 Nf4 38. Rh8+ 1-0